000 00432pab a2200157 454500
008 180718b2003 xxu||||| |||| 00| 0 eng d
100 _aNagarajan, N.
245 _aRegulation as an augmentor of competition: the Indian experience with the banking sector
260 _c2003
300 _ap.205-20.
362 _aJul-Dec
650 _aBanks - India
650 _aBanks
773 _aSouth Asian Economic Journal
909 _a59080
999 _c59080
_d59080